Every MCU Actor I know - Statistics

General Stats
  • This quiz has been taken 31 times
    13 since last reset
  • The average score is 56 of 103
Answer Stats
Character Actor % Correct
Captain America Chris Evans
89%
Thor Chris Hemsworth
89%
Star Lord Chris Pratt
89%
Hawkeye Jeremy Renner
89%
Ant-Man Paul Rudd
89%
Tony Stark Robert Downey Jr.
89%
Black Widow Scarlett Johansson
89%
Falcon Anthony Mackie
78%
Captain Marvel Brie Larson
78%
Mysterio Jake Gyllenhaal
78%
Kevin Bacon Kevin Bacon
78%
Bruce Banner/ Hulk Mark Ruffalo
78%
Vision Paul Bettany
78%
Nick Fury Samuel L. Jackson
78%
Winter Soldier Sebastian Stan
78%
Bonus: Frequently made cameos in the MCU Stan Lee
78%
Loki Tom Hiddleston
78%
Spider-Man Tom Holland
78%
Gamora Zoe Saldana
78%
Doctor Strange Benedict Cumberbatch
67%
Rocket Bradley Cooper
67%
Hela Cate Blanchett
67%
Black Panther Chadwick Boseman
67%
Drax Dave Bautista
67%
Bruce Banner/ Hulk ( Original ) Edward Norton
67%
Scarlet Witch Elizabeth Olsen
67%
Pepper Potts Gwyneth Paltrow
67%
Shuri Letitia Wright
67%
Jane Foster Natalie Portman
67%
Frigga Rene Russo
67%
Quicksilver Aaron Taylor Johnson
56%
Wong Benedict Wong
56%
The Collector Benicio del Toro
56%
Daredevil Charlie Cox
56%
Phil Coulson Clark Gregg
56%
Maria Hill Cobie Smulders
56%
Okoye Danai Gurira
56%
Howard Stark Dominic Cooper
56%
War Machine Don Cheadle
56%
Wasp Evangeline Lilly
56%
Peggy Carter Hayley Atwell
56%
Red Skull Hugo Weaving
56%
Heimdall Idris Elba
56%
Ultron James Spader
56%
Electro Jamie Foxx
56%
Obadiah Stane Jeff Bridges
56%
The Grandmaster Jeff Goldblum
56%
Kang Jonathan Majors
56%
Thanos Josh Brolin
56%
Nebula Karen Gillan
56%
Ego Kurt Russell
56%
Nakia Lupita Nyong'o
56%
Aunt May Marisa Tomei
56%
Killmonger Michael B. Jordan
56%
Hank Pym Michael Douglas
56%
Vulture Michael Keaton
56%
Luis Michael Pena
56%
Yondu Michael Rooker
56%
Janet Van Dyne Michelle Pfeiffer
56%
Moon Knight Oscar Isaac
56%
Mantis Pom Klementieff
56%
Alexander Pierce Robert Redford
56%
Justin Hammer Sam Rockwell
56%
Erik Selvig Stellan Skarsgard
56%
Korg Taika Waititi
56%
The Ancient One Tilda Swinton
56%
Abomination Tim Roth
56%
Groot Vin Diesel
56%
Green Goblin Willem Dafoe
56%
M'Baku Winston Duke
56%
Doctor Octopus Alfred Molina
44%
Aldrich Killian | Mandarin Ben Kingsley
44%
Crossbones Frank Grillo
44%
Bill Foster Laurence Fishburne
44%
Ronan Lee Pace
44%
Kaecilius Mads Mikkelsen
44%
Everett Ross Martin Freeman
44%
Whiplash Mickey Rourke
44%
Christine Palmer Rachel McAdams
44%
Arnim Zola Toby Jones
44%
Chester Phillips Tommy Lee Jones
44%
Fandral Zachary Levi
44%
Ulysses Klaue Andy Serkis
33%
Katy Chen Awkwafina
33%
Baron Mordo Chiwetel Ejiofor
33%
Arthur Harrow Ethan Hawke
33%
Zuri Forest Whitaker
33%
Jimmy Woo Randall Park
33%
Lizard Rhys Ifans
33%
Howard the Duck Seth Green
33%
War Machine ( Original ) Terrence Howard
33%
Lord Krylar Bill Murray
22%
Surturr Clancy Brown
22%
Cassie Lang Kathryn Newton
22%
Volstagg Ray Stevenson
22%
Sif Jaime Alexander
11%
Maggie Judy Greer
11%
Sonny Burch Walton Goggins
11%
Lucian Scott Adkins
0%
Shang-Chi Simon Liu
0%
No matching quizzes found
Score Distribution
Percent of People with Each Score
Percentile by Number Answered
Your Score History
You have not taken this quiz since the last reset